000 01436nam a2200337 c 4500
001 41422
003 Mx-PuUPA
005 20260216152516.0
008 140415s2019 nyua fr 001 0 eng d
020 _a9781948122481
040 _cMx-PuUPA
_aMx-PuUPA
_bspa
_dMx-PuUPA
_erda
041 0 _aeng
100 1 _aSiebel, Thomas M.,
_d1952-
_eautor
_917038
245 1 0 _aDigital transformation :
_bsurvive and thrive in an era of mass extinction /
_cThomas M. Siebel ; foreword by The Hon. Condolezza Rice
250 _aFirst edition
264 1 _aNew York :
_bRosettaBooks,
_c2019
300 _a232 páginas :
_bilustraciones ;
_c24 cm
336 _2rdacontent
_atexto
_btxt
337 _2rdamedia
_asin medio
_bn
338 _2rdacarrier
_avolumen
_bnc
650 7 _2armarc
_aElectrónico digital
_xAspectos sociales
650 7 _2armarc
_aInnovaciones tecnológicas
_xAspectos sociales
650 7 _2armarc
_aSociedad de la información
700 1 _aRice, Condoleezza,
_eautor de prefacio
942 _2ddc
_cLI
_h303.4833
_iS57
999 _c41422
_d41422